| 000 | 00562nam a2200157 i 4500 | ||
|---|---|---|---|
| 001 | 50483 | ||
| 003 | ES-MaACL | ||
| 007 | t| | ||
| 008 | 030805s1983 sp ||||1| spa d | ||
| 100 | 1 |
_aCuadrado Ebrero, Amparo. _941893 |
|
| 245 | 1 | 0 |
_aCash-Flow y flujo de recursos / _cpor Amparo Cuadrado Ebrero ; [prólogo José Rivero Romero]. |
| 260 |
_a[Madrid : _bMinisterio de Economía y Hacienda, Instituto de Planificación Contable, _c1983] |
||
| 300 |
_a385 p. : _bil. ; _c24 cm. |
||
| 700 | 1 |
_aRivero Romero, José. _997710 |
|
| 852 |
_aES-MaACL _jL-5829 _bR.106262 |
||
| 999 |
_c50483 _d50483 |
||